Informe final del Ejercicio Profesional Supervisado, realizado en la Dirección Departamental de Educación, Cobán, Alta Verapaz/ (Registro nro. 1762)
[ vista simple ]
| 000 -LEADER | |
|---|---|
| campo de control de longitud fija | 02843nam a22003137i 4500 |
| 001 - NÚMERO DE CONTROL | |
| campo de control | TCPA 68 |
| 003 - IDENTIFICADOR DE NÚMERO DE CONTROL | |
| campo de control | gtcocun |
| 005 - FECHA Y HORA DE LA ÚLTIMA TRANSACCIÓN | |
| campo de control | 20250908221212.0 |
| 006 - CÓDIGOS DE INFORMACIÓN DE LONGITUD FIJA--CARACTERÍSTICAS DEL MATERIAL ADICIONAL | |
| campo de control de longitud fija | a||||gr|||| 00| 0 |
| 008 - DATOS DE LONGITUD FIJA--INFORMACIÓN GENERAL | |
| campo de control de longitud fija | 250908b2018 gt ||||| m||| 00| 0 eng d |
| 040 ## - FUENTE DE CATALOGACIÓN | |
| Centro catalogador/agencia de origen | gtcocun |
| Lengua de catalogación | SPA |
| Centro/agencia transcriptor | gtcocun |
| Normas de descripción | RDA |
| 041 ## - CÓDIGO DE IDIOMA | |
| Código de lengua del texto/banda sonora o título independiente | SPA |
| 084 ## - OTRO NÚMERO DE CLASIFICACIÓN | |
| Número de control del registro de autoridad o número normalizado | TCPA 68 |
| 100 ## - ENTRADA PRINCIPAL--NOMBRE DE PERSONA | |
| Nombre de persona | Barrios Figueróa, Mario Fernando |
| Término indicativo de función/relación | Autor |
| 245 ## - MENCIÓN DEL TÍTULO | |
| Título | Informe final del Ejercicio Profesional Supervisado, realizado en la Dirección Departamental de Educación, Cobán, Alta Verapaz/ |
| Mención de responsabilidad, etc. | Mario Fernando Barrios Figueróa |
| Medio | Impreso |
| 264 ## - PRODUCCIÓN, PUBLICACIÓN, DISTRIBUCIÓN, FABRICACIÓN Y COPYRIGHT | |
| Producción, publicación, distribución, fabricación y copyright | Cobán, Alta Verapaz: |
| Nombre del de productor, editor, distribuidor, fabricante | Universidad de San Carlos de Guatemala, Centro Universitario del Norte, Licenciatura en Contaduría Pública y Auditoría. |
| Fecha de producción, publicación, distribución, fabricación o copyright | 2018 |
| 300 ## - DESCRIPCIÓN FÍSICA | |
| Extensión | 33 p.: |
| Otras características físicas | Ilustraciones, gráficas. |
| Dimensiones | 28 cm; PDF |
| 336 ## - TIPO DE CONTENIDO | |
| Fuente | rdacontenido |
| Término de tipo de contenido | Texto |
| Código de tipo de contenido | txt |
| 337 ## - TIPO DE MEDIO | |
| Fuente | rdamedio |
| Nombre/término del tipo de medio | Computadora |
| Código del tipo de medio | n |
| 338 ## - TIPO DE SOPORTE | |
| Fuente | rdasoporte |
| Nombre/término del tipo de soporte | Código en línea |
| Código del tipo de soporte | cr |
| 502 ## - NOTA DE TESIS | |
| identificador de la tesis | . |
| 502 ## - NOTA DE TESIS | |
| Nota de tesis | Tesis de grado |
| Tipo de título | Licenciatura en Contaduría Pública y Auditoría. |
| Nombre de la institución que otorga el título | Universidad de San Carlos de Guatemala, Centro Universitario del Norte, Licenciatura en Contaduría Pública y Auditoría. |
| Año de obtención del título | 2018 |
| Identificador de la tesis | TCPA 68 |
| 520 14 - RESUMEN, ETC. | |
| Sumario, etc. | El Centro Universitario del Norte (CUNOR) de la Universidad de San<br/>Carlos de Guatemala, a través del ejercicio profesional supervisado tiene como<br/>objetivo brindar a los estudiantes el conocimiento sobre la problemática<br/>socioeconómica que actualmente atraviesa el departamento de Alta Verapaz.<br/><br/>Durante el desarrollo del ejercicio profesional supervisado el cual fue<br/>realizado en la Dirección Departamental de Educación de Alta Verapaz se<br/>respetaron todos los procesos pactados según el cronograma establecido y las<br/>diferentes etapas las cuales a su vez fueron la de diagnóstico, plan de trabajo,<br/>ejecución de actividades e informe final.<br/><br/>El diagnóstico institucional permitió conocer las debilidades de la entidad<br/>en el ámbito de control interno y la presentación de documentación de<br/>cumplimiento según lo estipulado en los procesos estipulados en el<br/>funcionamiento.<br/><br/>Al haber realizado una adecuada planificación de las actividades a<br/>desarrollar, se lograron identificar hallazgos encontrados en las auditorias de<br/>gestión en los programas de bolsas estudio, becas escolares y del programa de<br/>gratuidad de la educación, logrando como objetivo obtener toda la información<br/>posible con relación al control interno de la Dirección Departamental de<br/>Educación de Alta Verapaz. |
| 650 14 - PUNTO DE ACCESO ADICIONAL DE MATERIA--TÉRMINO DE MATERIA | |
| Fuente del encabezamiento o término | LEMB |
| Término de materia o nombre geográfico como elemento de entrada | Cobán, Alta Verapaz |
| Subdivisión general | bolsas de estudios |
| -- | becas escolares |
| -- | gratuidad |
| -- | educación |
| 700 ## - ENTRADA AGREGADA--NOMBRE PERSONAL | |
| Nombre de persona | Lic. Miguel Alberto Klug Caal |
| Término indicativo de función/relación | Asesor |
| 856 ## - LOCALIZACIÓN Y ACCESO ELECTRÓNICOS | |
| Identificador Uniforme de Recurso | <a href="https://drive.google.com/file/d/1q7rvHHikih10At6rEFkr1nS-7AACIdgo/view?usp=sharing">https://drive.google.com/file/d/1q7rvHHikih10At6rEFkr1nS-7AACIdgo/view?usp=sharing</a> |
| Texto de enlace | |
| Nota pública | Un ejemplar en línea. |
| 942 ## - ELEMENTOS DE ENTRADA SECUNDARIOS (KOHA) | |
| Fuente de la clasificación o esquema de estantería | Clasificación Decimal Dewey |
| Tipo de ítem Koha | TESIS |
| Parte de la signatura que identifica el ejemplar (Parte del ítem) | TCPA_68 |
| Prefijo de la signatura | Clasificación |
| Suprimir en OPAC | No |
| -- | TCPA__68 |
| Estatus retirado | Estado de pérdida | Fuente de la clasificación o esquema de estantería | Estado de daño | No para préstamo | Colección | Biblioteca de origen | Biblioteca actual | Ubicación en estantería | Fecha de adquisición | Número de inventario | Total de préstamos | Signatura topográfica completa | Código de barras | Visto por última vez | Precio de reemplazo | Tipo de ítem Koha |
|---|---|---|---|---|---|---|---|---|---|---|---|---|---|---|---|---|
| Clasificación Decimal Dewey | tesis | BIBLIOTECA- CUNOR -JOSÉ LUIS GONZALES ROSALES | BIBLIOTECA- CUNOR -JOSÉ LUIS GONZALES ROSALES | Colección tesis | 08/09/2025 | TCPA 068 | TCPA 068 | TCPA 068 | 08/09/2025 | 08/09/2025 | TESIS |